| 000 | 00592nam a22001817a 4500 | ||
|---|---|---|---|
| 008 | 181223b xxu||||| |||| 00| 0 eng d | ||
| 082 | _a371.26/El42o | ||
| 100 | _aElis, Maurice J. | ||
| 245 | _aThe other side of the report card; assessing students social,emotional and character development | ||
| 260 |
_aLondon: _bSAGE Publication, _c2016. |
||
| 300 | _axvi, 88p.illus. | ||
| 504 | _aBibliography: 81p. | ||
| 650 |
_aSpecial education _95883 |
||
| 650 | _aEducational tests and measurement | ||
| 650 | _aBehavior psychology | ||
| 650 | _aEducational psychology | ||
| 942 |
_2ddc _cGEN |
||
| 999 |
_c84005 _d83994 |
||